<?xml version="1.0" encoding="UTF-8"?>
<marc:record xmlns:marc="http://www.loc.gov/MARC21/slim">
   <marc:leader>00000nam a2200000 a 4500</marc:leader>
   <marc:datafield ind1="1" ind2=" " tag="100">
      <marc:subfield code="a">Driver, Sarah</marc:subfield>
      <marc:subfield code="4">aut</marc:subfield>
      <marc:subfield code="e">Verfasser/-in</marc:subfield>
   </marc:datafield>
   <marc:datafield ind1="0" ind2="0" tag="245">
      <marc:subfield code="a">Die drei Opale - in eisigen Höhen</marc:subfield>
   </marc:datafield>
   <marc:datafield ind1="0" ind2="0" tag="245">
      <marc:subfield code="c">Sarah Driver ; aus dem Englischen von Wolfram Ströle</marc:subfield>
   </marc:datafield>
   <marc:datafield ind1=" " ind2="1" tag="264">
      <marc:subfield code="a">Hamburg</marc:subfield>
      <marc:subfield code="b">Carlsen</marc:subfield>
      <marc:subfield code="c">2018</marc:subfield>
   </marc:datafield>
   <marc:datafield ind1="1" ind2=" " tag="520">
      <marc:subfield code="a">Angaben aus der Verlagsmeldung

Die drei Opale 2: In eisigen Höhen The Huntress: Sky / von Sarah Driver

** Das hochgelobte Fantasy-Debüt aus Großbritannien geht in die zweite Runde! ***

Die Spur der Sturmopale führt Maus, das Seevolk-Mädchen, weit in den Norden Trianukkas. Mit ihrem Bruder und mit Krähe, dem Gefährten vom Landvolk, entdeckt sie dort die verschollenen Himmelsstämme und deren eisige Welt: Festungen zwischen den Wolken, geheime Bibliotheken unter Gletscherspitzen und nie gesehene wilde Flugtiere. Wird Maus hier den zweiten Opal finden? Denn nur mit seiner Hilfe kann sie ihr Schiff, ihre Familie und ganz Trianukka retten.

--- Band 2 der spannenden, fantasivollen Trilogie DIE DREI OPALE: so rau und geheimnisvoll, so wild und schön wie eine Eislandschaft!

Band 1: Über das tiefe Meer

Band 2: In eisigen Höhen

Band 3: Durch stürmisches Land (Sommer 2019)

</marc:subfield>
   </marc:datafield>
   <marc:datafield ind1=" " ind2=" " tag="020">
      <marc:subfield code="a">9783551553720</marc:subfield>
      <marc:subfield code="9">9783551553720</marc:subfield>
   </marc:datafield>
   <marc:datafield ind1=" " ind2=" " tag="020">
      <marc:subfield code="a">3551553726</marc:subfield>
      <marc:subfield code="9">3551553726</marc:subfield>
   </marc:datafield>
   <marc:datafield ind1=" " ind2=" " tag="041">
      <marc:subfield code="a">ger</marc:subfield>
   </marc:datafield>
   <marc:datafield ind1=" " ind2=" " tag="300">
      <marc:subfield code="a">378 Seiten</marc:subfield>
   </marc:datafield>
</marc:record>
